000 00508nam a2200217Ia 4500
008 210210b2013 xxu||||| |||| 00| 0 eng d
020 _a0198077351
041 _aeng
082 _a954.82 SUBS
100 _aSUBBARAYALU (Y)
245 _aSouth India under the cholas
260 _aNew Delhi
_bOxford University Press
_c2013
300 _axviii,274
650 _aunder
650 _athe
650 _aSouth
650 _aIndia
650 _acholas
690 _aIndian History
906 _a067942
999 _c152341
_d152341